Statistics for Top 10 Countries outside the U.S that have the most NBA Players

Click here to take the quiz!

General Stats

  • This quiz has been taken 44 times
  • The average score is 8 of 10

Answers on the Map

Answers color-coded by a green-red scale on the quiz's map according to % correct below.
 

Answer Stats

Country% Correct
Canada
100%
Australia
95%
Spain
95%
Brazil
92%
France
92%
Argentina
87%
Germany
87%
Serbia
77%
Nigeria
54%
Croatia
51%

Score Distribution

Percentile by Number Answered

Percent of People with Each Score

Your Score History

You have not taken this quiz